| 000 | 00641nam a2200205 a 4500 | ||
|---|---|---|---|
| 005 | 20210219152849.0 | ||
| 035 | _aUPN01000063932 | ||
| 100 | _aATKINSON, E. Stephanie | ||
| 222 |
_aEDUCATIONAL PSYCHOLOGY : _bAN INTERNATIONAL JOURNAL OF EXPERIMENTAL EDUCATIONAL PSYCHOLOGY |
||
| 245 | _aAn investigation into the relationship between teacher motivation and pupil motivation | ||
| 260 | _aReino Unido | ||
| 300 | _a45-57 | ||
| 362 | _a2000 Vol. 20, no. 1 (mar.) | ||
| 653 | 0 | _aALUMNOS | |
| 653 | 0 | _aMOTIVACION DOCENTE | |
| 653 | 0 | _aRENDIMENTO ACADEMICO | |
| 653 | 0 | _aTECNOLOGIA EDUCATIVA | |
| 904 |
_aAC _b001743 |
||
| 905 | _aArticulo | ||
| 999 |
_c62339 _d62339 |
||